000 00231 a2200097 4500
001 27440
100 _aEdmead, F
245 _aAnalysis and prediction in International mediation
260 _a
_bUnitar
_c1971
090 _c18234
_d18234
942 _aNUST-CAE
_cM
_c9152
999 _c262513
_d262513